| 000 | 00428cam a22001457a 4500 | ||
|---|---|---|---|
| 020 | _a9780470056691 | ||
| 040 | _dDLC | ||
| 082 | 0 | 4 |
_a612.80113 _222 |
| 245 | 0 | 0 |
_aHandbook of neural engineering _cMetin Akay. |
| 260 |
_aHoboken, N.J. : _bWiley ; _aChichester : _bJohn Wiley [distributor], _c2007. |
||
| 300 |
_a662 p. : _bill. ; _c27 cm. |
||
| 650 | 0 | _aNeural networks (Computer science) | |
| 700 | 1 | _aAkay, Metin. | |
| 942 |
_2ddc _cBK |
||
| 999 |
_c11416 _d11416 |
||